Characterisation of effluents from ribbed smoked sheet processing units and water from nearby wells (Record no. 52654)

MARC details
000 -LEADER
fixed length control field 00540nam a2200157Ia 4500
100 ## - MAIN ENTRY--AUTHOR NAME
Personal name Mathew J.
245 #0 - TITLE STATEMENT
Title Characterisation of effluents from ribbed smoked sheet processing units and water from nearby wells
260 ## - PUBLICATION, DISTRIBUTION, ETC. (IMPRINT)
Name of publisher Placrosym XVI, 2004, Kasaragod, India. Journal of Plantation Crops, 32(Supplement): 441-444.
Year of publication 2004
650 ## - SUBJECT ADDED ENTRY--TOPICAL TERM
Topical Term Effluent characterisation
650 ## - SUBJECT ADDED ENTRY--TOPICAL TERM
Topical Term Sheet rubber
700 ## - ADDED ENTRY--PERSONAL NAME
Personal name Francis J.R.
700 ## - ADDED ENTRY--PERSONAL NAME
Personal name Jose G.[a]
700 ## - ADDED ENTRY--PERSONAL NAME
Personal name Joseph K.[a]
942 ## - ADDED ENTRY ELEMENTS (KOHA)
Koha item type Bibliography STAF
Holdings
Withdrawn status Lost status Damaged status Not for loan Home library Current library Date acquired Koha item type
      Bibliography RRII Library RRII Library 09/04/2014 Bibliography STAF